000 00726cab a2200241 4500
001 WB2845-35
008 090401t1992 xxu||||| |||| 00| 0 eng d
035 _a(Sirsi) u63562
041 _aeng
245 _aObservation of lease covenants
260 _c1992
350 _a0
490 _aCSW - The Property Week
_v41(8) 19 November 1992, 64(1)
520 _aIn a tenant`s market landlords are reluctant to refuse rent from tenants, who are known to be in breach of covenant.
650 _aACCEPTANCE OF RENT
650 _aBREACH OF COVENANT
650 _aBUSINESS TENANCIES
650 _aFORFEITURE
650 _aLEASES
690 _aLANDLORD AND TENANT-BUSINESS TENANCIES
942 _n0
948 _c04/03/1997
999 _c39510
_d39510